000 00495nam a2200181Ia 4500
005 20250317125905.0
008 008 250317s9999 xx 000 0 eng d
037 _aTextbook
040 _aFMSL
_beng
_cFMSL
041 _aeng
_2eng
084 _qFMSL
100 _aRadford K J
245 0 _aComplex decision problems : An Integrated strategy for resolution
260 _aReston
_bReston, Pub. co.
_c1977
300 _a223p
942 _cTB
999 _c1261390
_d1261390